| 000 | 00572nam a2200181 i 4500 | ||
|---|---|---|---|
| 001 | 46511 | ||
| 003 | ES-MaACL | ||
| 007 | t| | ||
| 008 | 030331s1870 gw ||||1| eng d | ||
| 100 | 1 |
_aBroughton, Rhoda. _931960 |
|
| 245 | 1 | 0 |
_aRed as a rose is she _b: a novel / _cby the author of Cometh up as a flower. |
| 260 |
_aLeipzig : _bBernhard Tauchnitz, _c1870. |
||
| 300 |
_a2 v. ; _c17 cm. |
||
| 490 | 1 |
_aCollection of British authors ; _v1073-1074 |
|
| 830 | 0 |
_aCollection of British authors ; _v1073-1074 _9180703 |
|
| 852 |
_aES-MaACL _jG-13106 |
||
| 999 |
_c46511 _d46511 |
||